Country Singer or NASCAR driver Quiz Stats

 Plays Quiz not verified by Sporcle

Score 0/30 Timer 05:00
0 Plays Today
% Correct
NASCAR driver
71.3%
NASCAR driver
69.4%
NASCAR driver
68.8%
country singer
67.5%
country singer
67.5%
NASCAR driver
66.9%
NASCAR driver
66.9%
NASCAR driver
66.2%
NASCAR driver
66.2%
NASCAR driver
66.2%
NASCAR driver
66.2%
country singer
66.2%
country singer
65.6%
country singer
65.6%
country singer
64.3%
% Correct
country singer
64.3%
country singer
63.7%
NASCAR driver
63.7%
country singer
63.7%
country singer
63.7%
NASCAR driver
63.7%
NASCAR driver
62.4%
NASCAR driver
62.4%
country singer
61.1%
country singer
60.5%
NASCAR driver
59.9%
country singer
59.9%
NASCAR driver
58.6%
country singer
58%
country singer
56.1%

You're not logged in!

Compare scores with friends on all Sporcle quizzes.
OR
Log In

Sporcle TV

Today on Sporcle TV


Watch our educational content, quiz creation guides, and fun videos on Sporcle TV.

Show Comments

Extras

Top Quizzes Today


Score Distribution

Your Account Isn't Verified!

In order to create a playlist on Sporcle, you need to verify the email address you used during registration. Go to your Sporcle Settings to finish the process.

Report this User

Report this user for behavior that violates our Community Guidelines.

Details: